000 00742nam a22002057a 4500
999 _c14573
_d14573
008 191014b ||||| |||| 00| 0 eng d
020 _a978-1-63240-839-6
082 _22019
_aDC 621.38152
_bSe52
245 _aSemiconductor physics :
_bdevices and technology/
_cEdited by Karla Hodges
260 _aNew York, NY :
_bClanrye International,
_c©2019.
300 _avii, 274 pages :
_bcolor illustrations;
_c26 cm
440 _aEdu-Tech Learning
_935270
500 _aIncludes bibliographical references and index.
650 _aSemiconductors
_925236
650 _aElectrical engineering
_vMaterials
_940303
650 _aElectronics
_vMaterials
_940304
700 _aHodges, Karla
_eEditor
_940305
365 _b5,637.00
_cPhp
942 _2ddc
_cDC